The tiger rising / (Record no. 1566)

MARC details
000 -LEADER
fixed length control field 00973cam a2200289 a 4500
005 - DATE AND TIME OF LATEST TRANSACTION
control field 20231204092635.0
020 ## - INTERNATIONAL STANDARD BOOK NUMBER
International Standard Book Number 0763609110 (alk. paper)
040 ## - CATALOGING SOURCE
Original cataloging agency DLC
Transcribing agency DLC
Modifying agency DLC
Language of cataloging eng
050 00 - LIBRARY OF CONGRESS CALL NUMBER
Classification number PZ7.D5455
Item number Ti 2001
082 00 - DEWEY DECIMAL CLASSIFICATION NUMBER
Classification number 813
Edition number 21
100 1# - MAIN ENTRY--PERSONAL NAME
Personal name DiCamillo, Kate
245 14 - TITLE STATEMENT
Title The tiger rising /
Statement of responsibility, etc. Kate DiCamillo.
250 ## - EDITION STATEMENT
Edition statement First Scholastic printing, January 2002
260 ## - PUBLICATION, DISTRIBUTION, ETC.
Place of publication, distribution, etc. Cambridge :
Name of publisher, distributor, etc. Scholastic,
Date of publication, distribution, etc. 2001
300 ## - PHYSICAL DESCRIPTION
Extent 116 pages :
Dimensions 20 cm
Other physical details illustrations ;
505 ## - FORMATTED CONTENTS NOTE
Formatted contents note N <br/>
520 ## - SUMMARY, ETC.
Summary, etc. Rob, who passes the time in his rural Florida community by wood carving, is drawn by his spunky but angry friend Sistine into a plan to free a caged tiger.
521 ## - TARGET AUDIENCE NOTE
Target audience note 590 <br/>
Source Lexile <br/>
521 ## - TARGET AUDIENCE NOTE
Target audience note N <br/><br/>
Source Raz-Plus <br/>
650 #1 - SUBJECT ADDED ENTRY--TOPICAL TERM
Topical term or geographic name entry element Tiger
Form subdivision Fiction.
650 #1 - SUBJECT ADDED ENTRY--TOPICAL TERM
Topical term or geographic name entry element Animals
General subdivision Treatment
Form subdivision Fiction.
650 #1 - SUBJECT ADDED ENTRY--TOPICAL TERM
Topical term or geographic name entry element Wood carving
Form subdivision Fiction.
650 #1 - SUBJECT ADDED ENTRY--TOPICAL TERM
Topical term or geographic name entry element Friendship
Form subdivision Fiction.
906 ## - LOCAL DATA ELEMENT F, LDF (RLIN)
a 7
b cbc
c orignew
d 1
e ocip
f 19
g y-gencatlg
942 ## - ADDED ENTRY ELEMENTS (KOHA)
Source of classification or shelving scheme Dewey Decimal Classification
Koha item type Books
Suppress in OPAC No
999 ## -
-- 1566
-- 1566
Holdings
Withdrawn status Lost status Source of classification or shelving scheme Damaged status Not for loan Collection Home library Current library Shelving location Date acquired Total Checkouts Full call number Barcode Date last seen Copy number Price effective from Koha item type Total Renewals Date last checked out
    Dewey Decimal Classification     Juvenile Fiction Footprints International School Library Network Toul Kork Campus Footprints International School Library Network Toul Kork Campus   09/07/2023   DIC 813 PZ7.D5455 FISSE01216 09/07/2023 1 09/07/2023 Books    
    Dewey Decimal Classification     Juvenile Fiction Footprints International School Library Network Toul Kork Campus Footprints International School Library Network Toul Tom Poung Campus   09/07/2023 2 DIC 813 PZ7.D5455 FIS00930 12/01/2025 2 09/07/2023 Books 1 11/10/2025